Probability for finance
Αποθηκεύτηκε σε:
| Κύριοι συγγραφείς: | , |
|---|---|
| Άλλοι συγγραφείς: | |
| Μορφή: | Βιβλίο |
| Γλώσσα: | English |
| Δημοσίευση: |
Cambridge :
Cambridge University Press,
c2014.
|
| Σειρά: | Mastering mathematical finance
|
| Θέματα: | |
| Ετικέτες: |
Προσθήκη ετικέτας
Δεν υπάρχουν, Καταχωρήστε ετικέτα πρώτοι!
|
MARC
| LEADER | 00000nam a2200000 a 4500 | ||
|---|---|---|---|
| 001 | 1/111903 | ||
| 008 | 160915t2014####uk | ||| |||| ||eng|| | ||
| 020 | |a 9780521175579 |q (χαρτόδετο) | ||
| 040 | |a GR-MyUa |b gre |c GR-MyUa |e AACR2 | ||
| 041 | 0 | |a eng | |
| 082 | 7 | |a 332.01519 |2 (23) | |
| 100 | 1 | |a Kopp, P. Ekkehard. | |
| 245 | 1 | 0 | |a Probability for finance / |c Ekkehard Kopp, Jan Malczak and Tomasz Zastawniak. |
| 260 | |a Cambridge : |b Cambridge University Press, |c c2014. | ||
| 300 | |a viii, 188 σ. : |b διαγρ. ; |c 23 εκ. | ||
| 504 | |a Ευρετήριο: σ. 187-188. | ||
| 650 | 0 | |a Probability. | |
| 650 | 0 | |a Business mathematics | |
| 700 | 1 | |a Zastawniak, Tomasz |d 1959- | |
| 700 | 1 | |a Malczak, Jan, |e aut | |
| 830 | 0 | |a Mastering mathematical finance | |
| 852 | |a INST |b CHIOS |c EUDOXUS |e 20160915 |h 332.01519 KOP |p 005200039144 |q 005200039144 |t BK |y 0 | ||
| 920 | |a Εύδοξος |b Παραγγελία |y Χίος-ΤΜΟΔ |z 2016-06 | ||
| 970 | |a Σπέντζα |b Ελένη |z 15-09-2016 | ||